| 000 | 00588cam a22002291 4500 | ||
|---|---|---|---|
| 001 | sa 64007622 | ||
| 003 | DLC | ||
| 005 | 20260227112048.0 | ||
| 008 | 890426s1963 ii b 000 0 hino | ||
| 010 | _asa 64007622 | ||
| 035 | _a(OCoLC)19609237 | ||
| 040 |
_aDLC _cWaU _dDLC |
||
| 042 | _apremarc | ||
| 050 | 0 | 0 |
_aPK2098.S5355 _bZ85 1963 |
| 100 | 1 | _aRāya, Jayacandra. | |
| 245 | 0 | 0 | _aĀcārya Rāmacandra Śukla. |
| 260 | _c1963. | ||
| 300 |
_a13, 302 p. _c23 cm. |
||
| 500 | _aIn Hindi. | ||
| 504 | _aBibliography: p. [289]-294. | ||
| 600 | 1 | 0 |
_aShukla, Ram Chandra, _d1884-1941. |
| 999 |
_c60376 _d60376 |
||